| 000 | 00970nam a2200265Ia 4500 | ||
|---|---|---|---|
| 003 | GCL | ||
| 008 | 140319s9999 xx 000 0 ara d | ||
| 040 |
_aGCL / _cGCL |
||
| 082 | 0 | 4 |
_a910.133 _bأ ج |
| 100 | 1 | _aانور عبدالغنى العقاد | |
| 245 | 1 | 0 |
_aالجغرافية الاقتصادية موارد الطاقة والموارد المعدنية / _cانور عبدالغنى العقاد |
| 700 | 1 | _aمحمد عبدالحميد الحمادى | |
| 260 |
_aالرياض : _bدار المريخ للنشر ، _c1984 |
||
| 300 |
_a668 ص ؛ _c24 سم |
||
| 650 | 0 | 4 | _aالبترول |
| 650 | 0 | 4 | _aالتجارة الخارجية |
| 650 | 0 | 4 | _aالجغرافيا الاقتصادية |
| 650 | 0 | 4 | _aالتعدين |
| 650 | 0 | 4 | _aالصناعة |
| 650 | 0 | 4 | _aالنقل |
| 650 | 0 | 4 | _aمصادر الطاقة |
| 650 | 0 | 4 | _aالانتاج الزراعى |
| 650 | 0 | 4 | _aالجغرافيا الاقتصادية, النماذج |
| 942 |
_2ddc _cBK |
||
| 999 |
_c38820 _d38820 |
||